| 000 | 01063nam a2200265 a 4500 | ||
|---|---|---|---|
| 001 | 000034955 | ||
| 005 | 20250520113530.0 | ||
| 008 | 111024s19561957ag 000 0 spa d | ||
| 040 |
_aDO-SdBNP _bspa _cBNPHU |
||
| 082 |
_a150.19 _bJ75t |
||
| 100 | 1 |
_aJolivet, Régis, _d1891-1966. _960546 |
|
| 245 | 1 | 0 |
_aTratado de filosofía : _bpsicología / _cRégis Jolivet ; versión castellana de la 5a edición francesa por Leandro de Sesma. |
| 260 |
_aBuenos Aires : _bCarlos Lohlé, _c1956 -1957. |
||
| 300 |
_a4v. ; _c23 cm. |
||
| 505 | 0 |
_gv. 1. _tLógica y cosmología -- _gv.2. _tPsicología -- _gv. 3. _tMetafisica -- _gv.4. _tMoral |
|
| 500 | _aLa biblioteca posee el volúmen 2 | ||
| 500 | _aBibliografía p. 639-640 | ||
| 500 | _aIncluye índice | ||
| 504 | _aIncluye referencias bibliográficas y notas al pie de las páginas. | ||
| 590 | _aPerteneció a la biblioteca personal de Juan Isidro Jimenes Grullón. | ||
| 650 | 0 |
_aPsicología _9152 |
|
| 650 | 0 |
_aFilosofía _9813 |
|
| 700 | 1 | 2 |
_aSesma, Leandro de _960547 |
| 910 | _aValidado. Control de calidad MFF | ||
| 999 |
_c34446 _d34446 |
||